| 000 | 01315nam a22004337a 4500 | ||
|---|---|---|---|
| 001 | BR2010003844 | ||
| 003 | BR-BrBNA | ||
| 005 | 20230928103527.0 | ||
| 007 | ta | ||
| 008 | 230509b bl.||||| |||| 00| 0 por d | ||
| 040 |
_aBR-BrBNA _bpor _cBiblioteca Nacional de Agricultura |
||
| 041 | _a(Eng, Por) | ||
| 072 |
_aF30; F01 _b0230 |
||
| 090 | _ 0230 BR2010003844 | ||
| 111 | 1 |
_a12. Fórum Internacional sobre o Futuro do Álcool _cSertãozinho, SP (Brazil) _d30 Aug 2010 |
|
| 245 | 1 |
_aSucroenergético: cana, açúcar, etanol e bioeletricidade. O estado da arte da tecnologia da produção da cana de açúcar _bRevista opiniões abr- jun 2010 |
|
| 260 | 3 |
_aSertãozinho, SP (Brasil): _c2010. |
|
| 300 | _a78 p. | ||
| 500 | _a49 illus | ||
| 650 | _aMELHORAMENTO GENÉTICO VEGETAL | ||
| 650 | _aETANOL | ||
| 650 | _aCANA DE AÇÚCAR | ||
| 650 | _aVARIEDADE | ||
| 650 | _aMETEOROLOGIA | ||
| 650 | _aMATURAÇÃO | ||
| 650 | _aNUTRIÇÃO VEGETAL | ||
| 650 | _aADUBAÇÃO | ||
| 650 | _aÉPOCA DE PLANTIO | ||
| 650 | _aÉPOCA DE CORTE | ||
| 650 | _aPRODUTIVIDADE | ||
| 650 | _aIMPLEMENTO AGRICOLA | ||
| 650 | _aPRAGA DE PLANTA | ||
| 650 | _aNEMATOIDE | ||
| 650 | _aGOMOSE | ||
| 650 | _aVIROSE VEGETAL | ||
| 650 | _aCOLHEITA | ||
| 909 |
_a202309 _bLucia _c55 _dLucia Elande |
||
| 942 | _cBK | ||
| 999 |
_c75479 _d75479 |
||